000 00556nam a2200229Ia 4500
003 OSt
005 20240827121055.0
006 a|||||r|||| 00| 0
007 ta
008 221004b |||||||| |||| 00| 0 mal d
024 _a55727
037 _cTextual
040 _aCRL
_cCRL
_bmal
041 _2mal
_amal
082 _aO32,2NJA,1, K0
245 0 _aUmminithanka
260 _c1960
650 _a MALAYALAM LITERATURE
_938866
650 _aMALAYALAM DRAMA
_9207189
942 _hO32,2NJA,1, K0
_cTEXL
999 _c1064256
_d1064256